Taylor Swift Music Video Quiz - Statistics

General Stats
  • This quiz has been taken 52 times
  • The average score is 19 of 28
Answer Stats
Picture Answer % Correct
You Belong WIth Me
97%
Shake It Off
95%
I Knew You Were Trouble
87%
Blank Space
85%
Fortnight
85%
Bejeweled
82%
Cardigan
82%
Delicate
82%
Bad Blood
79%
Look What You Made Me Do
79%
ME!
77%
Karma
74%
Lavender Haze
74%
Anti-Hero
72%
The Man
72%
Lover
69%
Wildest Dreams
67%
Love Story
64%
We Are Never Ever Getting Back Together
64%
...Ready For It?
59%
Mine
51%
Style
51%
The Story Of Us
46%
Out Of The Woods
44%
You Need To Calm Down
38%
22
36%
Back To December
33%
End Game
33%
No matching quizzes found
Score Distribution
Percent of People with Each Score
Percentile by Number Answered
Your Score History
You have not taken this quiz